The shepherdess and the chimney sweep: (Record no. 8410)
[ view plain ]
| 000 -LEADER | |
|---|---|
| fixed length control field | 01567cam a2200313u 4500 |
| 001 - CONTROL NUMBER | |
| control field | 8410 |
| 003 - CONTROL NUMBER IDENTIFIER | |
| control field | FISKH |
| 005 - DATE AND TIME OF LATEST TRANSACTION | |
| control field | 20250910155321.0 |
| 008 - FIXED-LENGTH DATA ELEMENTS--GENERAL INFORMATION | |
| fixed length control field | 860127s1969 xx 000 0 eng |
| 010 ## - LIBRARY OF CONGRESS CONTROL NUMBER | |
| LC control number | 79098322 |
| 020 ## - INTERNATIONAL STANDARD BOOK NUMBER | |
| International Standard Book Number | 9788772478197 |
| 035 ## - SYSTEM CONTROL NUMBER | |
| System control number | 10460423 |
| 040 ## - CATALOGING SOURCE | |
| Original cataloging agency | DLC |
| Transcribing agency | CarP |
| Modifying agency | DLC |
| Language of cataloging | eng |
| 050 ## - LIBRARY OF CONGRESS CALL NUMBER | |
| Classification number | PZ7 |
| 082 ## - DEWEY DECIMAL CLASSIFICATION NUMBER | |
| Classification number | 398.2 |
| 100 1# - MAIN ENTRY--PERSONAL NAME | |
| Personal name | Andersen, H. C. |
| Fuller form of name | (Hans Christian), |
| Dates associated with a name | 1805-1875. |
| 245 ## - TITLE STATEMENT | |
| Title | The shepherdess and the chimney sweep: |
| Remainder of title | Hans christian Andersen fairytales |
| Statement of responsibility, etc. | by Hans Christian Andersen ; illustrated by Gustavo Mazali ; Translated by Jean Hersholt |
| 260 ## - PUBLICATION, DISTRIBUTION, ETC. | |
| Place of publication, distribution, etc. | New York : |
| Date of publication, distribution, etc. | Scandinavia, |
| Name of publisher, distributor, etc. | 2005. |
| 300 ## - PHYSICAL DESCRIPTION | |
| Extent | 24 pages : |
| Other physical details | color illustrations ; |
| Dimensions | 29 cm |
| 505 ## - FORMATTED CONTENTS NOTE | |
| Formatted contents note | R<br/> |
| 520 ## - SUMMARY, ETC. | |
| Summary, etc. | A porcelain shepherdess and a china chimney sweep, standing on a table in a wealthy home, fall in love. But the old carved figure of a satyr, who calls himself their grandfather, wants to marry the shepherdess to a tall, grand porcelain figure. To escape, the two lovers climb up the chimney and out onto the roof. Frightened by the vast world outside, the shepherdess insists they return home. They manage to go back unnoticed, and though still in danger of being forced apart, they remain together on the table, choosing love and closeness over grandeur and adventure. |
| 521 8# - TARGET AUDIENCE NOTE | |
| Target audience note | 700<br/> |
| Source | Lexile estimate<br/> |
| 521 8# - TARGET AUDIENCE NOTE | |
| Target audience note | R<br/> |
| Source | Raz-Plus<br/> |
| 650 ## - SUBJECT ADDED ENTRY--TOPICAL TERM | |
| Topical term or geographic name entry element | Friendship |
| Form subdivision | Courage |
| General subdivision | Escape |
| 700 ## - ADDED ENTRY--PERSONAL NAME | |
| Personal name | Mazali, Gustavo |
| Relator term | illustrator |
| 906 ## - LOCAL DATA ELEMENT F, LDF (RLIN) | |
| a | 0 |
| b | cbc |
| c | premunv |
| d | u |
| e | ncip |
| f | 19 |
| g | y-gencatlg |
| 942 ## - ADDED ENTRY ELEMENTS (KOHA) | |
| Source of classification or shelving scheme | Dewey Decimal Classification |
| Koha item type | Books |
| Suppress in OPAC | No |
| Withdrawn status | Lost status | Source of classification or shelving scheme | Damaged status | Not for loan | Collection | Home library | Current library | Shelving location | Date acquired | Total Checkouts | Full call number | Barcode | Date last seen | Copy number | Price effective from | Koha item type |
|---|---|---|---|---|---|---|---|---|---|---|---|---|---|---|---|---|
| Dewey Decimal Classification | Juvenile Fiction | Footprints International School Library Network Toul Tom Poung Campus | Footprints International School Library Network Toul Tom Poung Campus | TTP Primary Orange Bookshelves | 09/10/2025 | AND 398.2 PZ7 | FISBK00461 | 09/10/2025 | 1 | 09/10/2025 | Books |
